[Event "Kronborg Mester 2"]
[Site "Elsinore"]
[Date "1981.??.??"]
[Round "2"]
[White "Andersen, Ib"]
[Black "Rosell, Per"]
[Result "1-0"]
[WhiteElo "2240"]
[BlackElo "2325"]
[PlyCount "75"]
[EventDate "1981.??.??"]
[EventType "tourn"]
[EventRounds "7"]
[EventCountry "DEN"]
[Source "ChessBase"]
[SourceDate "1999.07.01"]

1. d4 d5 2. c4 dxc4 3. Nf3 a6 4. a4 Nc6 5. e3 Bg4 6. Bxc4 e6 7. O-O Nf6 8. Nc3
Be7 9. Qc2 Bxf3 10. gxf3 O-O 11. Rd1 Nh5 12. d5 Nb4 13. Qe2 Bd6 14. dxe6 Qg5+
15. Kh1 fxe6 16. Bxe6+ Kh8 17. f4 Qh6 18. Bg4 Nf6 19. f3 Rae8 20. Qg2 Qh4 21.
Bf5 Bc5 22. Ne4 Rd8 23. Bd2 Nxe4 24. Bxe4 Qh6 25. Rac1 b6 26. Qe2 Nd5 27. Rg1
Nf6 28. Bc3 Rd7 29. b4 Bd6 30. Rg5 Re8 31. Rcg1 Nxe4 32. fxe4 Bf8 33. Qg2 Ree7
34. e5 Rd3 35. Ba1 Rxe3 36. Qa8 g6 37. f5 Re2 38. Rh5 1-0

[Event "Kronborg Mester 2"]
[Site "Elsinore"]
[Date "1981.??.??"]
[Round "4"]
[White "Andersen, Ib"]
[Black "Larsen, Ole Bogh"]
[Result "1/2-1/2"]
[WhiteElo "2240"]
[BlackElo "2200"]
[PlyCount "118"]
[EventDate "1981.??.??"]
[EventType "tourn"]
[EventRounds "7"]
[EventCountry "DEN"]
[Source "ChessBase"]
[SourceDate "1999.07.01"]

1. d4 Nf6 2. c4 g6 3. Nc3 d5 4. Nf3 Bg7 5. Bg5 Ne4 6. cxd5 Nxg5 7. Nxg5 e6 8.
Nh3 exd5 9. Nf4 O-O 10. e3 c5 11. dxc5 d4 12. exd4 Bxd4 13. Nd3 Bf5 14. Be2 Re8
15. Rc1 Nc6 16. O-O Rxe2 17. Nxe2 Bxd3 18. Nxd4 Qxd4 19. Re1 Rd8 20. Rc3 Bc4
21. Qxd4 Rxd4 22. a3 a5 23. f3 Be6 24. Kf2 Kg7 25. Ke3 Kf6 26. Rd3 Rc4 27. Rc3
Rxc3+ 28. bxc3 a4 29. Kd3 Na5 30. c4 Nb3 31. Kc3 Nxc5 32. Rb1 Bd7 33. Kd4 Ne6+
34. Kd5 Bc6+ 35. Kd6 Nd4 36. Rd1 Nf5+ 37. Kc5 Ne3 38. Rd2 Ke5 39. Re2 Kf4 40.
Kd4 Nxg2 41. Rxg2 Bxf3 42. Rb2 f5 43. c5 g5 44. Kd3 Bc6 45. Ke2 Ke5 46. Rd2 h5
47. Rd6 h4 48. Rg6 g4 49. Rg8 Kd4 50. Rf8 Be4 51. Ra8 Kxc5 52. Rxa4 g3 53. h3
Kd5 54. Ke3 Ke5 55. Ra5+ Bd5 56. Ra4 g2 57. Kf2 f4 58. Rb4 Be4 59. Rb5+ Bd5
1/2-1/2

[Event "Kronborg Mester 2"]
[Site "Elsinore"]
[Date "1981.??.??"]
[Round "6"]
[White "Andersen, Ib"]
[Black "Norregaard, Christoffer"]
[Result "1-0"]
[WhiteElo "2240"]
[BlackElo "2200"]
[PlyCount "61"]
[EventDate "1981.??.??"]
[EventType "tourn"]
[EventRounds "7"]
[EventCountry "DEN"]
[Source "ChessBase"]
[SourceDate "1999.07.01"]

1. Nf3 c5 2. e4 d6 3. d4 cxd4 4. Nxd4 Nf6 5. Nc3 a6 6. Bg5 e6 7. f4 Be7 8. Qf3
Qc7 9. O-O-O h6 10. Bh4 Nbd7 11. Bd3 g5 12. e5 gxh4 13. exf6 Bxf6 14. Qe4 Nc5
15. Qe3 Qe7 16. Rhe1 Kf8 17. Kb1 Bd7 18. f5 e5 19. Qf3 Qd8 20. Nb3 Bc6 21. Nd5
Nxd3 22. Rxd3 a5 23. Nd2 e4 24. Nxe4 Be5 25. f6 Bxd5 26. Rxd5 Qb6 27. c3 a4 28.
a3 Rg8 29. Red1 Rc8 30. Nxd6 Bxc3 31. Rb5 1-0

[Event "Kronborg Mester 2"]
[Site "Elsinore"]
[Date "1981.??.??"]
[Round "1"]
[White "Andersen, Ib"]
[Black "Brondum, Eric"]
[Result "0-1"]
[WhiteElo "2240"]
[BlackElo "2305"]
[PlyCount "68"]
[EventDate "1981.??.??"]
[EventType "tourn"]
[EventRounds "7"]
[EventCountry "DEN"]
[Source "ChessBase"]
[SourceDate "1999.07.01"]

1. e4 c5 2. Nf3 Nf6 3. Nc3 d6 4. d4 cxd4 5. Nxd4 a6 6. Bg5 e6 7. f4 Be7 8. Qf3
Qc7 9. O-O-O Nbd7 10. g4 b5 11. Bxf6 Nxf6 12. g5 Nd7 13. f5 Nc5 14. f6 gxf6 15.
gxf6 Bf8 16. Bh3 b4 17. Nd5 exd5 18. Rhe1 Bxh3 19. exd5+ Kd8 20. Qxh3 Qd7 21.
Qh4 Kc7 22. Nc6 a5 23. Re3 h5 24. Kb1 Qg4 25. Qe1 Rh6 26. a3 Rxf6 27. axb4 axb4
28. Rd4 Rf4 29. Rxf4 Qxf4 30. Nxb4 Bg7 31. Re7+ Kb6 32. c3 Qf5+ 33. Nc2 Nb3 34.
Qg1+ Bd4 0-1

[Event "Kronborg Mester 2"]
[Site "Elsinore"]
[Date "1981.??.??"]
[Round "4"]
[White "Brondum, Eric"]
[Black "Norregaard, Christoffer"]
[Result "1-0"]
[WhiteElo "2305"]
[BlackElo "2200"]
[PlyCount "51"]
[EventDate "1981.??.??"]
[EventType "tourn"]
[EventRounds "7"]
[EventCountry "DEN"]
[Source "ChessBase"]
[SourceDate "1999.07.01"]

1. d4 Nf6 2. c4 e5 3. dxe5 Ng4 4. Nf3 Bc5 5. e3 Nc6 6. Be2 O-O 7. O-O Ncxe5 8.
Nc3 Re8 9. Nxe5 Nxe5 10. Ne4 Bf8 11. Ng3 d6 12. f4 Nd7 13. Bf3 Nc5 14. Qc2 a5
15. Bd2 Qh4 16. Rae1 Bg4 17. e4 g6 18. Bc3 Bh6 19. f5 Bxf3 20. Rxf3 Nd7 21.
fxg6 hxg6 22. Ref1 Ne5 23. Bxe5 Rxe5 24. Qf2 Re7 25. Kh1 Rf8 26. Nf5 1-0

[Event "Kronborg Mester 2"]
[Site "Elsinore"]
[Date "1981.??.??"]
[Round "6"]
[White "Brondum, Eric"]
[Black "Nilsson, Nils Specht"]
[Result "1/2-1/2"]
[WhiteElo "2305"]
[BlackElo "2200"]
[PlyCount "52"]
[EventDate "1981.??.??"]
[EventType "tourn"]
[EventRounds "7"]
[EventCountry "DEN"]
[Source "ChessBase"]
[SourceDate "1999.07.01"]

1. d4 c5 2. d5 e5 3. c4 d6 4. Nc3 Nd7 5. e4 Ne7 6. Bd3 Ng6 7. g3 Be7 8. h4 O-O
9. h5 Nh8 10. Nge2 Nf6 11. f3 Ne8 12. g4 Bh4+ 13. Kd2 Bg5+ 14. Kc2 Bxc1 15.
Rxc1 g5 16. hxg6 fxg6 17. Ng1 a6 18. Kb1 Bd7 19. Rc2 Rf7 20. Rch2 Rg7 21. Nh3
Nf7 22. Qd2 Nc7 23. Nd1 b5 24. Ne3 bxc4 25. Nxc4 Nb5 26. f4 Bxg4 1/2-1/2

[Event "Kronborg Mester 2"]
[Site "Elsinore"]
[Date "1981.??.??"]
[Round "2"]
[White "Brondum, Eric"]
[Black "Carlsson, Gerner"]
[Result "1/2-1/2"]
[WhiteElo "2305"]
[BlackElo "2205"]
[PlyCount "76"]
[EventDate "1981.??.??"]
[EventType "tourn"]
[EventRounds "7"]
[EventCountry "DEN"]
[Source "ChessBase"]
[SourceDate "1999.07.01"]

1. e4 e5 2. Nf3 Nc6 3. Bb5 a6 4. Ba4 Nf6 5. d3 d6 6. c3 b5 7. Bb3 Be7 8. O-O
O-O 9. Re1 Na5 10. Bc2 c5 11. Nbd2 Qc7 12. Nf1 Nc6 13. Ne3 Re8 14. a4 Bd7 15.
h3 Bf8 16. Nh2 Be6 17. Nhg4 Nxg4 18. hxg4 Ne7 19. Qf3 Rad8 20. axb5 axb5 21.
Bd2 d5 22. exd5 Nxd5 23. Nxd5 Bxd5 24. Qh3 g6 25. c4 bxc4 26. Ba5 Qb8 27. dxc4
Bxc4 28. Bxd8 Rxd8 29. Qc3 Be6 30. g5 c4 31. Red1 Rxd1+ 32. Rxd1 Bc5 33. Be4
Bd4 34. Qf3 Qd8 35. Qe3 h6 36. gxh6 Qh4 37. Rxd4 exd4 38. Qxd4 Qxh6 1/2-1/2

[Event "Kronborg Mester 2"]
[Site "Elsinore"]
[Date "1981.??.??"]
[Round "5"]
[White "Carlsson, Gerner"]
[Black "Andersen, Ib"]
[Result "0-1"]
[WhiteElo "2205"]
[BlackElo "2240"]
[PlyCount "62"]
[EventDate "1981.??.??"]
[EventType "tourn"]
[EventRounds "7"]
[EventCountry "DEN"]
[Source "ChessBase"]
[SourceDate "1999.07.01"]

1. d4 f5 2. g3 Nf6 3. Bg2 g6 4. c4 Bg7 5. Nh3 O-O 6. Nc3 d6 7. d5 c5 8. O-O Na6
9. Rb1 Bd7 10. Nf4 Nc7 11. a4 Rb8 12. Bd2 a6 13. b4 cxb4 14. Rxb4 a5 15. Rb1
Na6 16. Nd3 Rc8 17. Qb3 Qc7 18. c5 Nxc5 19. Nxc5 Qxc5 20. Rfc1 Qd4 21. Be3 Qe5
22. Bf4 Qd4 23. h3 Nh5 24. Be3 Rxc3 25. Bxd4 Rxb3 26. Rxb3 Bxd4 27. Rxb7 Nf6
28. Rcc7 Rd8 29. Bf3 Bc5 30. e3 Bxa4 31. Rxe7 Bd7 0-1

[Event "Kronborg Mester 2"]
[Site "Elsinore"]
[Date "1981.??.??"]
[Round "3"]
[White "Carlsson, Gerner"]
[Black "Norregaard, Christoffer"]
[Result "0-1"]
[WhiteElo "2205"]
[BlackElo "2200"]
[PlyCount "80"]
[EventDate "1981.??.??"]
[EventType "tourn"]
[EventRounds "7"]
[EventCountry "DEN"]
[Source "ChessBase"]
[SourceDate "1999.07.01"]

1. d4 Nf6 2. c4 c5 3. d5 b5 4. cxb5 a6 5. bxa6 Bxa6 6. Nc3 g6 7. e4 Bxf1 8.
Kxf1 d6 9. g4 Bg7 10. g5 Nh5 11. h4 O-O 12. Nge2 Nd7 13. Kg2 f5 14. exf5 Rxf5
15. Ng3 Nf4+ 16. Bxf4 Rxf4 17. Qe2 Ne5 18. h5 Qd7 19. hxg6 hxg6 20. Rh3 Raf8
21. Nge4 Qf5 22. Rf1 Nf3 23. Nf6+ Bxf6 24. gxf6 Rxf6 25. Rg3 Kf7 26. a4 g5 27.
a5 g4 28. a6 Rh6 29. Rg1 Rh2+ 30. Kf1 Nxg1 31. Qe6+ Qxe6 32. dxe6+ Kxe6 33.
Kxg1 Rhxf2 34. a7 Rf1+ 35. Kh2 R4f2+ 36. Rg2 Rxg2+ 37. Kxg2 Ra1 38. Nb5 Kd7 39.
Kg3 Ra5 40. Kxg4 Kc6 0-1

[Event "Kronborg Mester 2"]
[Site "Elsinore"]
[Date "1981.??.??"]
[Round "1"]
[White "Larsen, Ole Bogh"]
[Black "Carlsson, Gerner"]
[Result "1-0"]
[WhiteElo "2200"]
[BlackElo "2205"]
[PlyCount "54"]
[EventDate "1981.??.??"]
[EventType "tourn"]
[EventRounds "7"]
[EventCountry "DEN"]
[Source "ChessBase"]
[SourceDate "1999.07.01"]

1. d4 Nf6 2. c4 e6 3. Nc3 Bb4 4. Qb3 c5 5. dxc5 Na6 6. Nf3 Ne4 7. Bd2 Nxd2 8.
Nxd2 Qa5 9. Rc1 Nxc5 10. Qc2 b6 11. e3 Bb7 12. Be2 Bxc3 13. Qxc3 Qxc3 14. Rxc3
O-O 15. Bf3 Bxf3 16. gxf3 Rfd8 17. Ke2 d5 18. b4 Nb7 19. cxd5 Rxd5 20. Rhc1
Rad8 21. R1c2 h6 22. Rc7 R8d7 23. Rxd7 Rxd7 24. Rc8+ Kh7 25. Nc4 f6 26. Rc6 e5
27. a4 Kg6 1-0

[Event "Kronborg Mester 2"]
[Site "Elsinore"]
[Date "1981.??.??"]
[Round "5"]
[White "Larsen, Ole Bogh"]
[Black "Rosell, Per"]
[Result "1-0"]
[WhiteElo "2200"]
[BlackElo "2325"]
[PlyCount "43"]
[EventDate "1981.??.??"]
[EventType "tourn"]
[EventRounds "7"]
[EventCountry "DEN"]
[Source "ChessBase"]
[SourceDate "1999.07.01"]

1. d4 c5 2. d5 e5 3. e4 d6 4. f4 g6 5. Nf3 exf4 6. Bxf4 Bg4 7. h3 Bxf3 8. Qxf3
Nd7 9. Nc3 Qb6 10. Bb5 O-O-O 11. a4 a6 12. Bxd7+ Rxd7 13. O-O Bg7 14. a5 Qc7
15. Na4 Qxa5 16. Qb3 Kc7 17. e5 Qb5 18. exd6+ Kd8 19. Qxb5 axb5 20. Nb6 Ke8 21.
Rfe1+ Kf8 22. Nxd7# 1-0

[Event "Kronborg Mester 2"]
[Site "Elsinore"]
[Date "1981.??.??"]
[Round "3"]
[White "Larsen, Ole Bogh"]
[Black "Nilsson, Nils Specht"]
[Result "1-0"]
[WhiteElo "2200"]
[BlackElo "2200"]
[PlyCount "112"]
[EventDate "1981.??.??"]
[EventType "tourn"]
[EventRounds "7"]
[EventCountry "DEN"]
[Source "ChessBase"]
[SourceDate "1999.07.01"]

1. d4 c5 2. e3 a6 3. c4 Nf6 4. Nc3 d6 5. Nf3 Qc7 6. Be2 g6 7. O-O Bg7 8. b3 O-O
9. Bb2 Nbd7 10. Rc1 Re8 11. d5 b6 12. Qd2 Bb7 13. Rcd1 h6 14. Nh4 e6 15. dxe6
Rxe6 16. Bf3 Rae8 17. h3 Nf8 18. Rfe1 N8h7 19. Bxb7 Qxb7 20. Nf3 b5 21. cxb5
axb5 22. Ne2 Ng5 23. Nxg5 hxg5 24. Qc2 b4 25. Rd3 Ra8 26. Bxf6 Bxf6 27. Red1
Be7 28. f3 Bf8 29. e4 Qa7 30. Qc4 Qxa2 31. Ng3 Qa6 32. Qc1 Qa7 33. Kh1 Qe7 34.
Nf1 g4 35. hxg4 Qh4+ 36. Kg1 Ra2 37. R1d2 Bh6 38. Ne3 Rxd2 39. Qxd2 Bf4 40. Kf1
Re8 41. Qe1 Bg3 42. Qd1 Ra8 43. Ke2 Bf4 44. Qc2 Be5 45. Rd1 Bd4 46. Kd3 Qg5 47.
Nd5 f5 48. gxf5 gxf5 49. Kc4 fxe4 50. Qxe4 Qxg2 51. Nf4 Qa2 52. Qg6+ Kf8 53.
Qxd6+ Kf7 54. Qg6+ Kf8 55. Ne6+ Ke7 56. Nxd4 cxd4 1-0

[Event "Kronborg Mester 2"]
[Site "Elsinore"]
[Date "1981.??.??"]
[Round "7"]
[White "Larsen, Ole Bogh"]
[Black "Brondum, Eric"]
[Result "1-0"]
[WhiteElo "2200"]
[BlackElo "2305"]
[PlyCount "81"]
[EventDate "1981.??.??"]
[EventType "tourn"]
[EventRounds "7"]
[EventCountry "DEN"]
[Source "ChessBase"]
[SourceDate "1999.07.01"]

1. d4 Nf6 2. c4 g6 3. Nc3 Bg7 4. e4 O-O 5. Nf3 d6 6. Be2 e5 7. O-O Nc6 8. d5
Ne7 9. Ne1 Nd7 10. f3 f5 11. g4 Nf6 12. Nd3 c6 13. Be3 f4 14. Bf2 cxd5 15. cxd5
g5 16. Rc1 h5 17. h3 hxg4 18. hxg4 Ne8 19. Nb5 Bd7 20. a4 a6 21. Na3 Kf7 22.
Nc4 Nc8 23. a5 Rh8 24. Nb6 Nxb6 25. Bxb6 Qf6 26. Kf2 Rh2+ 27. Ke1 Qh6 28. Qb3
Rc8 29. Bg1 Rxc1+ 30. Nxc1 Rg2 31. Qxb7 Nf6 32. Bf2 Kg6 33. Qxa6 Qh8 34. Qxd6
Qc8 35. Bc5 Kf7 36. b4 Ne8 37. Qe7+ Kg8 38. d6 Rh2 39. Bc4+ Kh8 40. Nd3 Qc6 41.
b5 1-0

[Event "Kronborg Mester 2"]
[Site "Elsinore"]
[Date "1981.??.??"]
[Round "7"]
[White "Nilsson, Nils Specht"]
[Black "Andersen, Ib"]
[Result "0-1"]
[WhiteElo "2200"]
[BlackElo "2240"]
[PlyCount "110"]
[EventDate "1981.??.??"]
[EventType "tourn"]
[EventRounds "7"]
[EventCountry "DEN"]
[Source "ChessBase"]
[SourceDate "1999.07.01"]

1. e4 c5 2. Nf3 d6 3. d4 cxd4 4. Nxd4 Nf6 5. Bd3 Nc6 6. Nxc6 bxc6 7. O-O g6 8.
Nd2 Bg7 9. Re1 O-O 10. Nf1 Bg4 11. f3 Be6 12. Be3 c5 13. Qd2 Qc7 14. Bh6 c4 15.
Bxg7 Kxg7 16. Be2 Qb6+ 17. Ne3 d5 18. e5 Nd7 19. f4 Rac8 20. Kh1 d4 21. Nf1
Rfd8 22. Ng3 Nc5 23. f5 Bxf5 24. Nxf5+ gxf5 25. Qg5+ Qg6 26. Qxg6+ hxg6 27.
Bxc4 Ne4 28. Bd3 Nf2+ 29. Kg1 Nxd3 30. cxd3 Rc2 31. b4 Rb8 32. a3 Rc3 33. Rec1
Rbc8 34. Rxc3 Rxc3 35. a4 Rxd3 36. b5 Rb3 37. Kf2 e6 38. Ke2 g5 39. g3 Kg6 40.
h4 g4 41. Kd2 Kh5 42. Rc1 Rxg3 43. Rc7 Kxh4 44. Rxf7 Rb3 45. Kc2 Rb4 46. Rh7+
Kg3 47. Rxa7 f4 48. Ra6 f3 49. Rxe6 f2 50. Rf6 Rxa4 51. e6 Ra7 52. Kd3 Re7 53.
Kxd4 Rxe6 54. Rxe6 f1=Q 55. b6 Qb5 0-1

[Event "Kronborg Mester 2"]
[Site "Elsinore"]
[Date "1981.??.??"]
[Round "4"]
[White "Nilsson, Nils Specht"]
[Black "Carlsson, Gerner"]
[Result "1-0"]
[WhiteElo "2200"]
[BlackElo "2205"]
[PlyCount "79"]
[EventDate "1981.??.??"]
[EventType "tourn"]
[EventRounds "7"]
[EventCountry "DEN"]
[Source "ChessBase"]
[SourceDate "1999.07.01"]

1. e4 e5 2. Nf3 Nc6 3. Nc3 Nf6 4. Bb5 Bb4 5. O-O O-O 6. d3 Bxc3 7. bxc3 d6 8.
Bg5 h6 9. Bh4 Qe7 10. Nd2 g5 11. Bg3 Nd8 12. d4 c6 13. Bd3 Bg4 14. f3 Bh5 15.
Nc4 b5 16. Nxd6 Qxd6 17. dxe5 Qc5+ 18. Kh1 Nd7 19. Qd2 Ne6 20. f4 gxf4 21. Bxf4
Nxf4 22. Qxf4 Qxe5 23. Qxh6 Bg6 24. Rf3 Qg7 25. Qe3 Ne5 26. Rg3 Rfd8 27. h4
Nxd3 28. cxd3 Qxc3 29. Rf1 Kg7 30. Qf4 Rd7 31. Qf5 Qd4 32. h5 Rad8 33. Rf4 Re7
34. Rfg4 Qd7 35. Rxg6+ fxg6 36. Qxg6+ Kh8 37. Qh6+ Rh7 38. Qf6+ Rg7 39. h6 Rdg8
40. Rh3 1-0

[Event "Kronborg Mester 2"]
[Site "Elsinore"]
[Date "1981.??.??"]
[Round "2"]
[White "Norregaard, Christoffer"]
[Black "Larsen, Ole Bogh"]
[Result "1-0"]
[WhiteElo "2200"]
[BlackElo "2200"]
[PlyCount "51"]
[EventDate "1981.??.??"]
[EventType "tourn"]
[EventRounds "7"]
[EventCountry "DEN"]
[Source "ChessBase"]
[SourceDate "1999.07.01"]

1. e4 b6 2. d4 e6 3. c3 Bb7 4. Bd3 Nf6 5. Qe2 Be7 6. f4 c5 7. Nf3 Nc6 8. a3 Rc8
9. O-O cxd4 10. cxd4 Na5 11. Nbd2 O-O 12. b4 Nc6 13. Bb2 d6 14. Rae1 Rc7 15.
Ng5 h6 16. Nh3 Re8 17. e5 dxe5 18. fxe5 Nd5 19. Qe4 f5 20. exf6 Bxf6 21. Qh7+
Kf8 22. Bg6 Rf7 23. Bxf7 Kxf7 24. Nf4 Ba6 25. Qg6+ Kg8 26. Nxd5 1-0

[Event "Kronborg Mester 2"]
[Site "Elsinore"]
[Date "1981.??.??"]
[Round "5"]
[White "Norregaard, Christoffer"]
[Black "Nilsson, Nils Specht"]
[Result "1-0"]
[WhiteElo "2200"]
[BlackElo "2200"]
[PlyCount "65"]
[EventDate "1981.??.??"]
[EventType "tourn"]
[EventRounds "7"]
[EventCountry "DEN"]
[Source "ChessBase"]
[SourceDate "1999.07.01"]

1. c4 e5 2. g3 Nc6 3. Bg2 g6 4. Nc3 Bg7 5. Rb1 f5 6. b4 a6 7. d3 Nf6 8. a4 d6
9. b5 axb5 10. axb5 Ne7 11. Nh3 O-O 12. O-O Kh8 13. f4 exf4 14. Nxf4 Ng4 15. d4
Ng8 16. Ncd5 N8f6 17. b6 Nxd5 18. Nxd5 c6 19. Nc7 Rb8 20. h3 Nf6 21. d5 Ne4 22.
Rb3 Bd7 23. dxc6 bxc6 24. Bxe4 fxe4 25. Rxf8+ Qxf8 26. b7 e3 27. Bxe3 d5 28.
Na6 dxc4 29. Nxb8 Qxb8 30. Qxd7 Qxg3+ 31. Kf1 Be5 32. b8=Q+ Bxb8 33. Bd4+ 1-0

[Event "Kronborg Mester 2"]
[Site "Elsinore"]
[Date "1981.??.??"]
[Round "3"]
[White "Rosell, Per"]
[Black "Brondum, Eric"]
[Result "0-1"]
[WhiteElo "2325"]
[BlackElo "2305"]
[PlyCount "112"]
[EventDate "1981.??.??"]
[EventType "tourn"]
[EventRounds "7"]
[EventCountry "DEN"]
[Source "ChessBase"]
[SourceDate "1999.07.01"]

1. d4 Nf6 2. Nf3 g6 3. Bf4 c5 4. c3 cxd4 5. cxd4 Bg7 6. Nc3 O-O 7. e3 d6 8. Be2
Qb6 9. Qd2 Nc6 10. O-O Bf5 11. Rfc1 Ne4 12. Qe1 e5 13. Nd5 Qd8 14. Bg3 Nxg3 15.
hxg3 exd4 16. Nxd4 Nxd4 17. exd4 Be6 18. Nc7 Rc8 19. Nxe6 fxe6 20. Rxc8 Qxc8
21. Bg4 Qc2 22. Qxe6+ Kh8 23. Qe2 Qxe2 24. Bxe2 Bxd4 25. Bf3 Bxb2 26. Rb1 Bd4
27. Rxb7 Rc8 28. Bd5 Rc1+ 29. Kh2 Bxf2 30. Rb8+ Kg7 31. Rb7+ Kh6 32. Rb2 Bg1+
33. Kh3 Kg5 34. Bf3 Bd4 35. Rb5+ Be5 36. Kh2 h5 37. Rd5 h4 38. Rd1 Bxg3+ 39.
Kg1 Rc2 40. a4 Ra2 41. Bc6 Kf6 42. Kf1 g5 43. Rc1 Be5 44. Ke1 Kf5 45. Rc4 Bg3+
46. Kd1 Bf4 47. Ke1 Kg4 48. Kf1 Kf5 49. Ke1 g4 50. Kf1 Kg5 51. Rc3 g3 52. Rd3
Rf2+ 53. Ke1 Rc2 54. Be4 h3 55. Rd5+ Be5 56. Bxc2 hxg2 0-1

[Event "Kronborg Mester 2"]
[Site "Elsinore"]
[Date "1981.??.??"]
[Round "1"]
[White "Rosell, Per"]
[Black "Nilsson, Nils Specht"]
[Result "1/2-1/2"]
[WhiteElo "2325"]
[BlackElo "2200"]
[PlyCount "116"]
[EventDate "1981.??.??"]
[EventType "tourn"]
[EventRounds "7"]
[EventCountry "DEN"]
[Source "ChessBase"]
[SourceDate "1999.07.01"]

1. b4 c6 2. Bb2 Qb6 3. a3 a5 4. c4 axb4 5. c5 Qc7 6. axb4 Rxa1 7. Bxa1 Nf6 8.
Nf3 Na6 9. Qb3 b5 10. Nc3 d6 11. d4 d5 12. e4 dxe4 13. Ng5 e6 14. Ngxe4 Nxe4
15. Nxe4 Qf4 16. Nd2 Nc7 17. g3 Qf6 18. Qa3 Qd8 19. Bg2 Nd5 20. O-O Be7 21. Ne4
O-O 22. Bb2 Bd7 23. Ra1 Qc7 24. Bc1 f5 25. Nc3 Bf6 26. Nxd5 exd5 27. Bf4 Qc8
28. Qb3 Re8 29. h4 Bxd4 30. Bxd5+ Kh8 31. Rd1 cxd5 32. Rxd4 Re1+ 33. Kh2 Qe8
34. Qf3 Bc6 35. Be3 Qe5 36. Rf4 Bd7 37. Bd4 Qe6 38. Qc3 Re4 39. Bxg7+ Kg8 40.
Bh8 d4 41. Rxe4 dxc3 42. Rxe6 Bxe6 43. Bxc3 Bd5 44. Kg1 Bf3 45. Kf1 Kf7 46. Ke1
Ke6 47. Kd2 f4 48. gxf4 h5 49. Be5 Kf5 50. Ke3 Bc6 51. Kd4 Ke6 52. Bb8 Kf5 53.
Bc7 Ke6 54. Bd8 Kf5 55. Bg5 Ke6 56. f5+ Kxf5 57. Ke3 Kg4 58. f3+ Bxf3 1/2-1/2

[Event "Kronborg Mester 2"]
[Site "Elsinore"]
[Date "1981.??.??"]
[Round "6"]
[White "Rosell, Per"]
[Black "Carlsson, Gerner"]
[Result "1-0"]
[WhiteElo "2325"]
[BlackElo "2205"]
[PlyCount "57"]
[EventDate "1981.??.??"]
[EventType "tourn"]
[EventRounds "7"]
[EventCountry "DEN"]
[Source "ChessBase"]
[SourceDate "1999.07.01"]

1. e4 e5 2. Nc3 Nf6 3. f4 d5 4. fxe5 Nxe4 5. Nf3 Bg4 6. d3 Nxc3 7. bxc3 d4 8.
Rb1 Bc5 9. c4 O-O 10. Be2 Nd7 11. O-O c6 12. Qe1 Qc7 13. Qg3 Bxf3 14. Bxf3 Nxe5
15. Be4 f6 16. Qh4 Ng6 17. Qh5 Bd6 18. Rf3 Rfe8 19. c5 Be5 20. Rh3 Nf8 21.
Bxh7+ Nxh7 22. Qxh7+ Kf7 23. Qh5+ Kg8 24. Qg6 Re7 25. Bd2 Rae8 26. Rh7 Bf4 27.
Rxg7+ Rxg7 28. Qxe8+ Kh7 29. Qe4+ 1-0